[Event "CZE-chT1E 1819"]
[Site "Czech Republic"]
[Date "2019.02.03"]
[Round "7.6"]
[White "Sedlacek, Petr"]
[Black "Mudrak, Josef"]
[Result "0-1"]
[WhiteElo "2074"]
[BlackElo "2243"]
[PlyCount "64"]
[EventDate "2018.10.21"]
[EventType "team-tourn"]
[EventRounds "11"]
[EventCountry "CZE"]
[SourceTitle "CBM 188 Extra"]
[Source "ChessBase"]
[SourceDate "2019.02.28"]
[SourceVersion "1"]
[SourceVersionDate "2019.02.28"]
[SourceQuality "1"]
[WhiteTeam "Jundrov Jezdci"]
[BlackTeam "Kromeriz"]
[WhiteTeamCountry "CZE"]
[BlackTeamCountry "CZE"]

1. e4 c5 2. Nf3 Nc6 3. d4 cxd4 4. Nxd4 Nf6 5. Nc3 e5 6. Ndb5 d6 7. Bg5 a6 8. Na3 b5 9. Bxf6 gxf6 10. Nd5 f5 11. exf5 Bxf5 12. c3 Bg7 13. Nc2 0-0 14. g3 Be4 15. f3 Bxd5 16. Qxd5 Ne7 17. Qd3 d5 18. Bg2 Qb6 19. h4 a5 20. 0-0-0 b4 21. cxb4 axb4 22. Qb3 Rfc8 23. Kb1 Rab8 24. Rd2 Rc5 25. Rhd1 Qg6 26. f4 e4 27. Bh3 Qd6 28. Qe3 Rc3 29. Qxe4 Rxg3 30. Bf1 b3 31. Na3 bxa2+ 32. Kxa2 dxe4 0-1

[Event "CZE-chT2E 1718"]
[Site "Czech Republic"]
[Date "2018.01.28"]
[Round "7.6"]
[White "Vranova, Zdenka"]
[Black "Sedlacek, Petr"]
[Result "1/2-1/2"]
[WhiteElo "1996"]
[BlackElo "2090"]
[PlyCount "26"]
[EventDate "2017.10.15"]
[EventType "team-tourn"]
[EventRounds "11"]
[EventCountry "CZE"]
[SourceTitle "EXT 2022"]
[Source "ChessBase"]
[SourceDate "2021.10.06"]
[SourceVersion "1"]
[SourceVersionDate "2021.10.06"]
[SourceQuality "1"]
[WhiteTeam "Stare Mesto II"]
[BlackTeam "Jundrov Jezdci"]
[WhiteTeamCountry "CZE"]
[BlackTeamCountry "CZE"]

1. e4 c5 2. Nf3 d6 3. Bc4 e6 4. d3 Be7 5. 0-0 Nf6 6. e5 dxe5 7. Nxe5 0-0 8. Nc3 a6 9. a3 b5 10. Bb3 Qb6 11. a4 Nbd7 12. Bf4 Nxe5 13. Bxe5 Bb7 1/2-1/2

[Event "CZE-chT2E 0910"]
[Site "Czech Republic"]
[Date "2010.03.14"]
[Round "9.5"]
[White "Sedlacek, Petr"]
[Black "Uhmann, Jan"]
[Result "0-1"]
[WhiteElo "2091"]
[BlackElo "2128"]
[PlyCount "127"]
[EventDate "2009.10.18"]
[EventType "team-tourn"]
[EventRounds "11"]
[EventCountry "CZE"]
[SourceTitle "EXT 2012"]
[Source "ChessBase"]
[SourceDate "2011.11.24"]
[SourceVersion "1"]
[SourceVersionDate "2011.11.24"]
[SourceQuality "1"]
[WhiteTeam "Brno 64"]
[BlackTeam "Hustopece"]
[WhiteTeamCountry "CZE"]
[BlackTeamCountry "CZE"]

1. e4 e5 2. Nf3 Nc6 3. Bb5 a6 4. Ba4 Nf6 5. 0-0 Nxe4 6. Re1 Nc5 7. Bxc6 dxc6 8. Nxe5 Be7 9. d4 Ne6 10. c3 0-0 11. Be3 f6 12. Nd3 Kh8 13. Nd2 b6 14. Nf3 Bd6 15. Qd2 Re8 16. Re2 Bd7 17. Rae1 Nf8 18. h3 a5 19. Bf4 Rxe2 20. Rxe2 Be6 21. b3 b5 22. Bxd6 cxd6 23. Nf4 Bf7 24. d5 c5 25. c4 b4 26. Qe1 Ra7 27. Nd2 Kg8 28. Ne4 a4 29. Ng3 axb3 30. axb3 g6 31. Kh2 f5 32. Nd3 Qf6 33. Nb2 Ra3 34. Na4 Ra1 35. Qd2 Rb1 36. Qa2 Ra1 37. Qd2 Kg7 38. Nb6 h5 39. f4 h4 40. Nh1 Rb1 41. Qa2 Rf1 42. Nf2 g5 43. Qb2 gxf4 44. Nc8 Bh5 45. Rd2 Ng6 46. Nxd6 Ne5 47. Nd3 Nxd3 48. Qxf6+ Kxf6 49. Rxd3 f3 50. g4 fxg4 51. hxg4 Bxg4 52. Ne4+ Ke5 53. Nxc5 Rf2+ 54. Kg1 Rg2+ 55. Kh1 Ra2 56. Rd1 f2 57. Rf1 Bf3+ 58. Kh2 Kd4 59. Ne6+ Ke3 60. d6 Rd2 61. Ng5 Rxd6 62. Nh3 Rd2 63. c5 Bc6 64. Ng5 0-1

[Event "CZE-chT2E 0910"]
[Site "Czech Republic"]
[Date "2010.02.28"]
[Round "8.6"]
[White "Sedlacek, Petr"]
[Black "Horsak, Jan"]
[Result "1-0"]
[WhiteElo "2091"]
[BlackElo "2056"]
[PlyCount "149"]
[EventDate "2009.10.18"]
[EventType "team-tourn"]
[EventRounds "11"]
[EventCountry "CZE"]
[SourceTitle "EXT 2012"]
[Source "ChessBase"]
[SourceDate "2011.11.24"]
[SourceVersion "1"]
[SourceVersionDate "2011.11.24"]
[SourceQuality "1"]
[WhiteTeam "Brno 64"]
[BlackTeam "Stare Mesto II"]
[WhiteTeamCountry "CZE"]
[BlackTeamCountry "CZE"]

1. e4 g6 2. d4 Bg7 3. Nf3 d6 4. c4 Nf6 5. Nc3 0-0 6. Be2 Nc6 7. 0-0 e5 8. d5 Ne7 9. Bg5 Ne8 10. Qd2 f6 11. Bh6 f5 12. Bxg7 Kxg7 13. exf5 Nxf5 14. Ne4 Nf6 15. Nfg5 h6 16. Nxf6 Qxf6 17. Ne4 Qh4 18. f4 Bd7 19. Rae1 Nd4 20. g3 Nxe2+ 21. Rxe2 Qe7 22. Nf2 Rae8 23. fxe5 dxe5 24. Rfe1 Qc5 25. b3 Rf7 26. Kg2 Qd6 27. Nd3 Bg4 28. Rxe5 Ref8 29. Nf4 Qc5 30. Qd3 Rf6 31. Re7+ Kg8 32. h3 Bf5 33. Qe3 Qxe3 34. R7xe3 g5 35. Nh5 R6f7 36. R1e2 Bg6 37. g4 Bxh5 38. gxh5 Kg7 39. Re7 Rd8 40. R2e6 Rdf8 41. c5 b6 42. d6 cxd6 43. cxd6 Rc8 44. Rxf7+ Kxf7 45. Re7+ Kf6 46. Rxa7 Ke6 47. d7 Rc2+ 48. Kf3 Ke7 49. Rb7 Rxa2 50. Rxb6 Kxd7 51. Rxh6 Rb2 52. Rb6 Ke7 53. Kg4 Kf7 54. Kxg5 Rg2+ 55. Kf4 Rh2 56. Kg3 Rc2 57. Rb4 Kf6 58. h4 Kg7 59. Rb6 Rc1 60. h6+ Kh7 61. Kg4 Rd1 62. Rf6 Rd3 63. Rf3 Rd5 64. b4 Kxh6 65. Rb3 Rb5 66. Kf4 Kh5 67. Ke4 Kxh4 68. Kd4 Kg5 69. Kc4 Rb8 70. b5 Kf5 71. Re3 Kf6 72. Kc5 Rc8+ 73. Kb6 Rc1 74. Kb7 Kf7 75. b6 1-0

[Event "CZE-chT2E 0910"]
[Site "Czech Republic"]
[Date "2010.01.17"]
[Round "5.6"]
[White "Sedlacek, Petr"]
[Black "Kubat, Pavel"]
[Result "1-0"]
[WhiteElo "2091"]
[BlackElo "1944"]
[PlyCount "71"]
[EventDate "2009.10.18"]
[EventType "team-tourn"]
[EventRounds "11"]
[EventCountry "CZE"]
[SourceTitle "EXT 2012"]
[Source "ChessBase"]
[SourceDate "2011.11.24"]
[SourceVersion "1"]
[SourceVersionDate "2011.11.24"]
[SourceQuality "1"]
[WhiteTeam "Brno 64"]
[BlackTeam "Orechov"]
[WhiteTeamCountry "CZE"]
[BlackTeamCountry "CZE"]

1. e4 c6 2. d4 d5 3. e5 Bf5 4. Nf3 e6 5. Bd3 Bg6 6. 0-0 Ne7 7. Bg5 Qb6 8. b3 Nd7 9. Nc3 c5 10. Na4 Qc7 11. c3 Nc6 12. Rc1 Bh5 13. Be2 a6 14. h3 b5 15. Nb2 c4 16. Nh4 Bxe2 17. Qxe2 h6 18. Be3 Be7 19. Nf3 Qa5 20. b4 Qxa2 21. Ra1 Qb3 22. Rfc1 a5 23. Nd1 a4 24. Nd2 0-0 25. Nxb3 axb3 26. Qb2 Nb6 27. Rxa8 Rxa8 28. Ra1 Na4 29. Qd2 Kh7 30. Nb2 Nxb4 31. cxb4 g6 32. Nxc4 bxc4 33. Ra3 h5 34. Qe1 Bf8 35. Qa1 Rc8 36. Rxa4 1-0

[Event "CZE-chT2e 0607"]
[Site "Czech Republic"]
[Date "2007.02.25"]
[Round "8.8"]
[White "Doubek, Tomas"]
[Black "Sedlacek, Petr"]
[Result "0-1"]
[WhiteElo "1917"]
[BlackElo "2010"]
[PlyCount "58"]
[EventDate "2006.10.15"]
[EventType "team-tourn"]
[EventRounds "11"]
[EventCountry "CZE"]
[SourceTitle "EXT 2009"]
[Source "ChessBase"]
[SourceDate "2008.11.26"]
[SourceVersion "1"]
[SourceVersionDate "2008.11.26"]
[SourceQuality "1"]

1. e4 e5 2. f4 exf4 3. Nf3 Be7 4. Bc4 d6 5. d4 g5 6. 0-0 Be6 7. Bxe6 fxe6 8. Nxg5 Bxg5 9. Qh5+ Kd7 10. Bxf4 Bxf4 11. Rxf4 Kc8 12. Qg4 Nd7 13. Qxe6 Qe7 14. Qh3 Ngf6 15. Nc3 c6 16. Raf1 Kc7 17. e5 dxe5 18. dxe5 Qxe5 19. Rf5 Qd4+ 20. Kh1 Rae8 21. Qg3+ Kc8 22. Rd1 Qe3 23. Rf3 Qe5 24. Qh3 Kb8 25. Rf5 Qc7 26. b4 Re5 27. b5 Rxf5 28. Qxf5 Qe5 29. Qf3 cxb5 0-1

[Event "CZE-chT2e 0607"]
[Site "Czech Republic"]
[Date "2007.02.11"]
[Round "7.8"]
[White "Sedlacek, Petr"]
[Black "Vymetalik, Ivo"]
[Result "0-1"]
[WhiteElo "2010"]
[BlackElo "2020"]
[PlyCount "50"]
[EventDate "2006.10.15"]
[EventType "team-tourn"]
[EventRounds "11"]
[EventCountry "CZE"]
[SourceTitle "EXT 2009"]
[Source "ChessBase"]
[SourceDate "2008.11.26"]
[SourceVersion "1"]
[SourceVersionDate "2008.11.26"]
[SourceQuality "1"]

1. e4 e5 2. Nf3 Nf6 3. Nc3 Bb4 4. d3 d5 5. exd5 Nxd5 6. Bd2 0-0 7. Be2 Nc6 8. 0-0 Nf4 9. Re1 Re8 10. Qc1 Nxe2+ 11. Nxe2 Bd6 12. h3 f5 13. Nc3 Qf6 14. Nd5 Qg6 15. Nh2 Be6 16. Nc3 f4 17. Kh1 Rf8 18. Nf3 Qh5 19. Qd1 Bxh3 20. Ne4 Bg4+ 21. Kg1 Nd4 22. Neg5 Rf5 23. Nxd4 Bxd1 24. Nxf5 Qxg5 25. Nxd6 Bf3 0-1

[Event "CZE-chT2e 0607"]
[Site "Czech Republic"]
[Date "2006.11.19"]
[Round "3.8"]
[White "Sedlacek, Petr"]
[Black "Filipik, Jaroslav"]
[Result "1-0"]
[WhiteElo "2010"]
[BlackElo "2089"]
[PlyCount "55"]
[EventDate "2006.10.15"]
[EventType "team-tourn"]
[EventRounds "11"]
[EventCountry "CZE"]
[SourceTitle "EXT 2009"]
[Source "ChessBase"]
[SourceDate "2008.11.26"]
[SourceVersion "1"]
[SourceVersionDate "2008.11.26"]
[SourceQuality "1"]

1. e4 d5 2. exd5 Nf6 3. d4 Nxd5 4. c4 Nf6 5. Nc3 g6 6. Nf3 Bg7 7. Be2 0-0 8. 0-0 c6 9. h3 Qc7 10. Be3 Rd8 11. Qc1 Bf5 12. Rd1 Ne4 13. g4 Nxc3 14. bxc3 Bd7 15. Bh6 Be8 16. Qe3 Qd6 17. Rd3 Nd7 18. c5 Qe6 19. Bxg7 Kxg7 20. Qxe6 fxe6 21. Ng5 Nf8 22. Re3 Kf6 23. h4 h6 24. Nf3 Nd7 25. Bc4 Bf7 26. g5+ Kf5 27. gxh6 Rh8 28. Ng5 1-0

[Event "CZE-chT2e 0607"]
[Site "Czech Republic"]
[Date "2006.10.15"]
[Round "1.8"]
[White "Fuchs, Ludek"]
[Black "Sedlacek, Petr"]
[Result "0-1"]
[WhiteElo "2098"]
[BlackElo "2010"]
[PlyCount "48"]
[EventDate "2006.10.15"]
[EventType "team-tourn"]
[EventRounds "11"]
[EventCountry "CZE"]
[SourceTitle "EXT 2009"]
[Source "ChessBase"]
[SourceDate "2008.11.26"]
[SourceVersion "1"]
[SourceVersionDate "2008.11.26"]
[SourceQuality "1"]

1. d4 d5 2. c4 c6 3. Nc3 Nf6 4. Nf3 e6 5. Bg5 Be7 6. e3 Nbd7 7. Rc1 a6 8. a4 0-0 9. Bd3 dxc4 10. Bxc4 b5 11. Bd3 Bb7 12. 0-0 Rc8 13. e4 b4 14. e5 bxc3 15. exf6 Bxf6 16. Bxf6 Qxf6 17. Rxc3 c5 18. Qe2 Bxf3 19. gxf3 cxd4 20. Rxc8 Rxc8 21. Qe4 Rc5 22. Qxh7+ Kf8 23. Qe4 Rh5 24. Rc1 Qg5+ 0-1

[Event "CZE-chT2d 0405"]
[Site "Czech Republic"]
[Date "2005.??.??"]
[Round "11"]
[White "Kozlicek, Lubomir"]
[Black "Sedlacek, Petr"]
[Result "1/2-1/2"]
[WhiteElo "2145"]
[BlackElo "1985"]
[PlyCount "30"]
[EventDate "2004.10.??"]
[EventType "team-tourn"]
[EventRounds "11"]
[EventCountry "CZE"]
[SourceTitle "EXT 2007"]
[Source "ChessBase"]
[SourceDate "2006.11.23"]
[SourceVersion "1"]
[SourceVersionDate "2006.11.23"]
[SourceQuality "1"]

1. e4 e5 2. Nf3 Nc6 3. d4 exd4 4. c3 d3 5. Bxd3 d6 6. h3 Be7 7. Be3 Nf6 8. Nbd2 0-0 9. 0-0 b6 10. Qc2 Bb7 11. Nd4 a6 12. Rad1 Ne5 13. Be2 Re8 14. f4 Ng6 15. Nf5 Bf8 1/2-1/2

[Event "CZE-chT2d 0405"]
[Site "Czech Republic"]
[Date "2005.??.??"]
[Round "9"]
[White "Petlak, Josef"]
[Black "Sedlacek, Petr"]
[Result "0-1"]
[WhiteElo "2025"]
[BlackElo "1985"]
[PlyCount "46"]
[EventDate "2004.10.??"]
[EventType "team-tourn"]
[EventRounds "11"]
[EventCountry "CZE"]
[SourceTitle "EXT 2007"]
[Source "ChessBase"]
[SourceDate "2006.11.23"]
[SourceVersion "1"]
[SourceVersionDate "2006.11.23"]
[SourceQuality "1"]

1. e3 d5 2. c3 Nf6 3. Be2 c5 4. d4 e6 5. Nf3 Nc6 6. 0-0 Bd6 7. dxc5 Bxc5 8. b4 Bd6 9. Bb2 0-0 10. Nbd2 b6 11. a3 Bb7 12. c4 Qe7 13. Nb3 dxc4 14. Bxc4 Rfd8 15. Qe2 Rac8 16. Rac1 Ng4 17. Ba6 Nce5 18. Rxc8 Nxf3+ 19. Qxf3 Bxf3 20. Rxd8+ Qxd8 21. h3 Qg5 22. Nd4 Nxe3 23. g4 Nxg4 0-1